Enfoques para el anl̀isis polt̕ico Historia, epistemologa̕ y perspectivas de la ciencia polt̕ica /

Detalles Bibliográficos
Autor principal: Losada L., Rodrigo
Otros Autores: Casas Casas, Andrš
Formato: eBook
Lenguaje:español
Publicado: Bogot:̀ Pontificia Universidad Javeriana, 2010
Materias:
Acceso en línea:Acceso restringido

MARC

LEADER 00000nam a22000007a 4500
005 20201211232732.0
007 cr|||| ||||
008 201211s2010 co |||||s|||| 00||0 spa d
020 |a 978-958-716-179-3 
035 |a 32368 
040 |a vLex 
090 |c 10950  |d 10950 
100 1 |a Losada L., Rodrigo 
245 1 0 |a Enfoques para el anl̀isis polt̕ico  |h [Recurso electrn̤ico] :  |b Historia, epistemologa̕ y perspectivas de la ciencia polt̕ica /  |c Rodrigo Losada L., Andrš Casas Casas 
256 |a Servicio en ln̕ea 
260 |a Bogot:̀  |b Pontificia Universidad Javeriana,  |c 2010 
300 |a 1 recurso electrn̤ico 
500 |a Enfoques para el anl̀isis polt̕ico se presenta como un estudio comparado de veinte perspectivas actualmente en uso por parte de la ciencia polt̕ica, para acercarse a escudriąr los fenm̤enos polt̕icos. El libro sobresale por su redaccin̤ clara y pedagg̤ica, por la presentacin̤ de criterios sl̤idos para investigar el mundo polt̕ico y, a partir de ellos, por un esfuerzo para tender puentes entre los distintos paradigmas hoy en pugna. A partir de un mismo esquema conceptual, se describen los principales rasgos de cada enfoque, se suministran ejemplos concretos de sus principales representantes y se propone una evaluacin̤ de sus mayores ventajas y desventajas. La obra entre manos pretende apoyar cursos avanzados de pregrado o introductorios a nivel de posgrado, sobre la naturaleza y el mťodo de la ciencia polt̕ica. Por su amplia familiaridad con la bibliografa̕ internacional pertinente, ofrece una valiosa oportunidad para actualizarse y profundizar en las herramientas ms̀ usadas para el estudio cientf̕ico de los fenm̤enos polt̕icos. Este libro despliega ante el lector un horizonte abierto de posibilidades dentro y fuera del excitante mundo epistemolg̤ico, ter̤ico, metodolg̤ico y prc̀tico de la ciencia polt̕ica. 
506 1 |a Disponible solo en los productos indicados  |d vLex Global  |d vLex Global (Academic Edition, excluding Law Schools)  |d vLex Global (U.S. Academic Edition, Law Schools)  |d vLex Global (U.S. Academic Edition, excluding Law Schools)  |d vLex Global (Academic Edition, Law Schools) 
650 0 4 |a Ciencia polt̕ica  |z Colombia 
700 1 |a Casas Casas, Andrš 
740 0 |a vLex Libros (Servicio en ln̕ea) 
856 4 0 |u http://vlex.com/source/enfoques-para-el-analisis-politico-historia-epistemologia-y-perspectivas-de-la-ciencia-politica-32368  |z Acceso restringido 
942 |c BOOK 
999 0 |a Politic science